00778 a2200217 45000010006000000050017000060080041000230030015000640400040000790800073001192450035001920200022002272500012002492640028002613000023002895050173003120410008004851000021004937000019005147000027005336326920260407155929.0260407a1982 arg spa dAR-UNSa-BCEJYS aAR-UNSa-BCEJYSbspacAR-UNSa-BCEJYS a510xConsideraciones fundamentales y generales de las matemáticas 10aMatemáticas contemporáneas a978-968-6034-19-6 a2a. ed. 1aMéxico :bHarlac1982 axv, 688 p.c23 cm. a 1. Conjuntos - 2. Lógica – 3. Introducción al estudio de matrices – 4. Probabilidad – 5. Introducción a la estadística – 6. Calculadoras y computadoras aspa1 aBritton, Jack R.1 aBello, Ignacio1 aLoyola Campos, Elías